| 000 | 00778cab a22002175a 4500 | ||
|---|---|---|---|
| 001 | L158905 | ||
| 008 | 150923e20150822xxk 000 0 eng d | ||
| 035 | _a(Sirsi) u158905 | ||
| 041 | 0 | _aeng | |
| 100 | 1 | _aOliver, Laura | |
| 245 | 0 | 0 |
_aRent top-ups and rental guarantees _bprice adjustments in disguise? |
| 260 | _c2015 | ||
| 490 |
_aEstates Gazette _v(1533) 22 August 2015, 52-53(2) |
||
| 520 | _aAssesses the Stamp Duty Land Tax (SDLT) and VAT consequences of rent top-ups and sellers' rental guarantees. Includes information about the tax position and the recommended approach for sale agreements. | ||
| 590 | _aKA | ||
| 651 | 4 | _aUnited Kingdom | |
| 690 |
_aLandlord and tenant _96252 |
||
| 690 | _aLeasing and letting | ||
| 700 | 1 | _aHyde, Christopher | |
| 942 | _n0 | ||
| 999 |
_c84725 _d84725 |
||